Visualizzazione normale
Vista MARC
- Amell y Llopis, Juan
di Personal Name
Records bibliografici associati: 1
001 - CONTROL NUMBER
- control field: 62306
003 - CONTROL NUMBER IDENTIFIER
- control field: IT-RoINE
005 - DATE AND TIME OF LATEST TRANSACTION
- control field: 20190910092230.0
008 - FIXED-LENGTH DATA ELEMENTS
- fixed length control field: 190910|| aca||aabn | a|a d
040 ## - CATALOGING SOURCE
- Original cataloging agency: IT-RoINE
- Transcribing agency: IT-RoINE
100 ## - HEADING--PERSONAL NAME
- Personal name: Amell y Llopis, Juan
670 ## - SOURCE DATA FOUND
- Source citation: Work cat.: (IT-RoINE)0: Brocá, Guillermo María de, 1850-1918 44014, Instituciones del derecho civil catalán vigente :, 1886.